Music Quiz

Random Music or Singers Quiz

Music Acrostic Puzzle Quiz Stats

 Plays Quiz Updated Dec 18, 2021

     
Support Sporcle.
Go Orange.
Score 0/219 Timer 09:00
4 Plays Today
% Correct
,
99.9%
,
99.9%
.
99.9%
I
95.5%
I
95.5%
D
94.7%
D
94.7%
N
94.2%
N
94.2%
A
94.1%
A
94.1%
R
94.1%
R
94.1%
L
94.1%
L
94.1%
E
94.1%
E
94.1%
H
93.5%
H
93.5%
O
93.5%
O
93.5%
I
93.4%
I
93.4%
O
93.4%
O
93.4%
O
89.6%
O
89.6%
A
88.2%
A
88.2%
A
87.9%
A
87.9%
R
87.3%
R
87.3%
N
86.8%
N
86.8%
L
86.5%
L
86.5%
S
86.4%
S
86.4%
E
86.3%
E
86.3%
E
86.2%
E
86.2%
G
86.2%
G
86.2%
L
86.1%
L
86.1%
N
85.9%
N
85.9%
H
85.9%
H
85.9%
N
85.8%
N
85.8%
I
85.8%
I
85.8%
E
85.7%
E
85.7%
T
85.6%
T
85.6%
B
85.6%
B
85.6%
E
85.6%
E
85.6%
N
85.6%
N
85.6%
I
85.5%
I
85.5%
U
85.3%
U
85.3%
D
84.9%
D
84.9%
E
84.8%
E
84.8%
% Correct
O
84.6%
O
84.6%
O
84.5%
O
84.5%
T
84.5%
T
84.5%
A
84.5%
A
84.5%
T
84.1%
T
84.1%
R
84.1%
R
84.1%
K
83.7%
K
83.7%
R
83.6%
R
83.6%
A
83.6%
A
83.6%
U
83.6%
U
83.6%
O
83.4%
O
83.4%
B
83.4%
B
83.4%
O
83.1%
O
83.1%
R
83.1%
R
83.1%
R
83.1%
R
83.1%
D
83%
D
83%
S
83%
S
83%
U
83%
U
83%
U
83%
U
83%
C
83%
C
83%
H
82.7%
H
82.7%
L
82.3%
L
82.3%
O
82.2%
O
82.2%
I
81.9%
I
81.9%
Y
81.6%
Y
81.6%
W
81.5%
W
81.5%
L
81.3%
L
81.3%
O
80.9%
O
80.9%
E
80.9%
E
80.9%
T
80.8%
T
80.8%
L
80.7%
L
80.7%
T
80.7%
T
80.7%
A
80.7%
A
80.7%
H
80.6%
H
80.6%
M
80.6%
M
80.6%
T
80.3%
T
80.3%
C
80.3%
% Correct
C
80.3%
E
80.2%
E
80.2%
M
80.2%
M
80.2%
R
80.2%
R
80.2%
I
80.1%
I
80.1%
S
80%
S
80%
C
79.6%
C
79.6%
E
79.1%
E
79.1%
Y
79.1%
Y
79.1%
D
78.6%
D
78.6%
M
78.3%
M
78.3%
H
78%
H
78%
E
78%
E
78%
U
78%
U
78%
Y
77.9%
Y
77.9%
A
77.8%
A
77.8%
F
77.7%
F
77.7%
I
77.6%
I
77.6%
S
77.5%
S
77.5%
H
77.3%
H
77.3%
O
77.2%
O
77.2%
P
76.8%
P
76.8%
G
76.7%
G
76.7%
M
76.3%
M
76.3%
N
76%
N
76%
C
76%
C
76%
I
75.3%
I
75.3%
R
75.3%
R
75.3%
O
75.1%
O
75.1%
S
75%
S
75%
U
75%
U
75%
G
74.6%
G
74.6%
A
74.4%
A
74.4%
S
74.4%
S
74.4%
L
73.6%
L
73.6%
A
73.6%
A
73.6%
F
73.3%
F
73.3%

From the Vault

AFI Film Legends Without an Oscar

by mapgar

Movies 5m
These actors and actresses didn't need awards to cement their legacies.
Remove Ads.
Support Sporcle.
Get the best of Sporcle when you Go Orange. This ad-free experience offers more features, more stats, and more fun while also helping to support Sporcle. Thank you for becoming a member.

Show Comments

Extras

Top Quizzes Today


Score Distribution

Your Account Isn't Verified!

In order to create a playlist on Sporcle, you need to verify the email address you used during registration. Go to your Sporcle Settings to finish the process.

Report this User

Report this user for behavior that violates our Community Guidelines.

Details: